|
|
|
|
| LEADER |
01028nam a2200253 a 4500 |
| 001 |
1052754 |
| 008 |
090908s1991 njua b 001 0 eng d |
| 010 |
|
|
|a 90023255
|
| 020 |
|
|
|a 087778230X
|
| 040 |
|
|
|a DLC
|c DLC
|d DLC
|
| 082 |
0 |
0 |
|a 371.3
|2 20
|
| 245 |
0 |
0 |
|a Instructional design :
|b principles and applications /
|c Leslie J. Briggs, Kent L. Gustafson, Murray H. Tillman, editors.
|
| 250 |
|
|
|a 2nd ed.
|
| 260 |
|
|
|a Englewood Cliffs, N.J. :
|b Educational Technology Publications,
|c 1991.
|
| 300 |
|
|
|a xvii, 487 p. :
|b ill. ;
|c 24 cm.
|
| 504 |
|
|
|a Includes bibliographical references and index.
|
| 541 |
1 |
|
|e 00005137
|
| 650 |
|
0 |
|a Instructional systems
|x Design.
|
| 700 |
1 |
|
|a Briggs, Leslie J.
|
| 700 |
1 |
|
|a Gustafson, Kent L.
|
| 700 |
1 |
|
|a Tillman, Murray.
|
| 852 |
4 |
|
|a Ayesha Abed Library
|j General shelf
|
| 999 |
|
|
|c 3950
|d 3950
|
| 952 |
|
|
|0 0
|1 0
|2 ddc
|4 0
|6 371_300000000000000_INS_1991
|7 0
|9 3635
|a BRACUL
|b BRACUL
|c GEN
|d 2009-09-16
|g 0.00
|l 0
|o 371.3 INS
|p 3010005137
|r 2009-09-16
|t 1
|w 2009-09-16
|y BK
|x No price found in the accession register.
|